书目信息 |
| 题名: |
世界主要资本主义国家工业化的条件、方法和特点
|
|
| 作者: | 扬异同 编著 | |
| 分册: | ||
| 出版信息: | 上海 上海人民出版社 1959 |
|
| 页数: | 146页 | |
| 开本: | 20cm | |
| 丛书名: | ||
| 单 册: | ||
| 中图分类: | F73 | |
| 科图分类: | ||
| 主题词: | 商业经济 | |
| 电子资源: | ||
| ISBN: | ||
| 000 | 00623nam0 2200193 450 | |
| 001 | 0641511858 | |
| 005 | 20060819113254.76 | |
| 010 | @dCNY0.38 | |
| 100 | @a20060819d1959 km y0chiy0120 ea | |
| 101 | 0 | @achi |
| 102 | @aCN@b310000 | |
| 200 | 1 | @a世界主要资本主义国家工业化的条件、方法和特点@Ashi jie zhu yao zi ben zhu yi guo jia gong ye hua de tiao jian、fang fa he te dian@f扬异同等编著@Fyang yi tong deng bian zhu |
| 210 | @a上海@c上海人民出版社@d1959 | |
| 215 | @a146页@c表格@d20cm | |
| 606 | 0 | @a商业经济 |
| 690 | @aF73@v3 | |
| 701 | 0 | @a扬异同@Ayang yi tong@4编著 |
| 801 | 0 | @aCN@bPFT@c20060819 |
| 905 | @a10447@dF73@e36 | |
| 世界主要资本主义国家工业化的条件、方法和特点/扬异同等编著.-上海:上海人民出版社,1959 |
| 146页:表格;20cm |
| ISBN :CNY0.38 |
| ● |
| 相关链接 |
|
|
|
|
正题名:世界主要资本主义国家工业化的条件、方法和特点
索取号:F73/36
 
预约/预借
| 序号 | 登录号 | 条形码 | 馆藏地/架位号 | 状态 | 备注 |
| 1 | 0471065 | 204710651 | 密集书库/ [索取号:F73/36] | 在馆 |